Efectos de las resoluciones judiciales sobre la legislación hipotecaria española (Registro nro. 46655)
[ vista simple ]
| 000 -CABECERA | |
|---|---|
| Longitud fija campo de control | 01421naa a2200349 c 4500 |
| 001 - NÚMERO DE CONTROL | |
| Número de control | 46655 |
| 003 - IDENTIFICADOR DE NÚMERO DE CONTROL | |
| Identificador del número de control | ES-MaCES |
| 005 - FECHA Y HORA DE LA ÚLTIMA TRANSACCIÓN | |
| Fecha y hora de la última transacción | 20151210163322.0 |
| 008 - CAMPO FIJO DE DESCRIPCIÓN FIJA--INFORMACIÓN GENERAL | |
| Códigos de información de longitud fija | 151112s2015 sp ||||| t||||||| ||spa d |
| 040 ## - FUENTE DE CATALOGACIÓN | |
| Centro catalogador de origen | ES-MaCES |
| Lengua de catalogación | spa |
| Centro transcriptor | ES-MaCES |
| Centro modificado | ES-MaCES |
| 100 1# - ENCABEZAMIENTO PRINCIPAL--NOMBRE PERSONAL | |
| 9 (RLIN) | 36175 |
| Nombre de persona | Romero Paniagua, María |
| 245 10 - MENCIÓN DE TÍTULO | |
| Título | Efectos de las resoluciones judiciales sobre la legislación hipotecaria española |
| Mención de responsabilidad, etc. | María Romero, Ángel Berges |
| 500 ## - NOTA GENERAL | |
| Nota general | Resumen |
| 610 14 - ASIENTO SECUNDARIO DE MATERIA--NOMBRE CORPORATIVO | |
| 9 (RLIN) | 3133 |
| Nombre de entidad corporativa o nombre de jurisdicción como elemento inicial | España |
| Título de la obra | Leyes, etc., hipotecarias |
| 650 #4 - ASIENTO SECUNDARIO DE MATERIA--TÉRMINO DE MATERIA | |
| 9 (RLIN) | 28116 |
| Término de materia o nombre geográfico como elemento inicial | hipoteca |
| 650 #4 - ASIENTO SECUNDARIO DE MATERIA--TÉRMINO DE MATERIA | |
| 9 (RLIN) | 30640 |
| Término de materia o nombre geográfico como elemento inicial | acceso a créditos |
| 650 #4 - ASIENTO SECUNDARIO DE MATERIA--TÉRMINO DE MATERIA | |
| 9 (RLIN) | 28104 |
| Término de materia o nombre geográfico como elemento inicial | banco |
| 650 #4 - ASIENTO SECUNDARIO DE MATERIA--TÉRMINO DE MATERIA | |
| 9 (RLIN) | 28115 |
| Término de materia o nombre geográfico como elemento inicial | endeudamiento |
| 650 #4 - ASIENTO SECUNDARIO DE MATERIA--TÉRMINO DE MATERIA | |
| 9 (RLIN) | 28598 |
| Término de materia o nombre geográfico como elemento inicial | vivienda |
| 650 #4 - ASIENTO SECUNDARIO DE MATERIA--TÉRMINO DE MATERIA | |
| 9 (RLIN) | 27139 |
| Término de materia o nombre geográfico como elemento inicial | expropiación |
| 650 #4 - ASIENTO SECUNDARIO DE MATERIA--TÉRMINO DE MATERIA | |
| 9 (RLIN) | 27044 |
| Término de materia o nombre geográfico como elemento inicial | problema social |
| 650 #4 - ASIENTO SECUNDARIO DE MATERIA--TÉRMINO DE MATERIA | |
| 9 (RLIN) | 27102 |
| Término de materia o nombre geográfico como elemento inicial | crisis económica |
| 650 #4 - ASIENTO SECUNDARIO DE MATERIA--TÉRMINO DE MATERIA | |
| 9 (RLIN) | 27153 |
| Término de materia o nombre geográfico como elemento inicial | legislación |
| 650 #4 - ASIENTO SECUNDARIO DE MATERIA--TÉRMINO DE MATERIA | |
| 9 (RLIN) | 29889 |
| Término de materia o nombre geográfico como elemento inicial | procedimiento judicial |
| 650 #4 - ASIENTO SECUNDARIO DE MATERIA--TÉRMINO DE MATERIA | |
| 9 (RLIN) | 29888 |
| Término de materia o nombre geográfico como elemento inicial | sentencia judicial |
| 650 #4 - ASIENTO SECUNDARIO DE MATERIA--TÉRMINO DE MATERIA | |
| 9 (RLIN) | 26964 |
| Término de materia o nombre geográfico como elemento inicial | España |
| 653 10 - TÉRMINO DE INDEXACIÓN--NO CONTROLADO | |
| Término no controlado | Vivienda-Construcción-Urbanismo |
| 700 1# - ENCABEZAMIENTO SECUNDARIO--NOMBRE PERSONAL | |
| 9 (RLIN) | 7593 |
| Nombre de persona | Berges Lobera, Ángel |
| 773 0# - ENTRADA DE DOCUMENTO FUENTE | |
| Itemnumber del ítem fuente | 83583 |
| Lugar, editor y fecha de publicación | [Madrid (Juan Hurtado de Mendoza, 14, 28036)] [Fundación Fondo para la Investigación Económica y Social, Obra Social de la Confederación Española de Cajas de Ahorros] |
| Otro identificador del documento | 086483 |
| Título | Cuadernos de información económica |
| Número de control del registro relacionado | (ES-MaCES)25356 |
| Parte(s) relacionada(s) | n. 248 (sept.-oct. 2015) {10345 R. 086483} ;p. 89-95 |
| 902 ## - CES. TIPO DE DOCUMENTO | |
| Tipodoc (006$c Sirtex) | ART Artículo de revista |
| 942 ## - ELEMENTOS KOHA | |
| Fuente de clasificaión o esquema | Clasificación propia del CES |
| Koha [por defecto] tipo de item | Artículos (1982-2017) |
| Parte de clasificación | Políticas Sectoriales |
No hay ítems disponibles.
